Online
Catalog

Estancia y predicación de Santiago Apóstol en España según Roa Dávila / (Record no. 41149)

MARC details
000 -CABECERA
campo de control de longitud fija 00915nam a2200217 a 4500
001 - NÚMERO DE CONTROL
campo de control 000041659
005 - FECHA Y HORA DE LA ÚLTIMA TRANSACCIÓN
campo de control 20201002035706.0
008 - DATOS DE LONGITUD FIJA--INFORMACIÓN GENERAL
campo de control de longitud fija 131015s1996 sp 000 0 spa d
020 ## - NÚMERO INTERNACIONAL ESTÁNDAR DEL LIBRO
Número Internacional Estándar del Libro 840007632X
040 ## - FUENTE DE LA CATALOGACIÓN
Centro catalogador/agencia de origen DO-SdBNP
Lengua de catalogación spa
Centro/agencia transcriptor BNPHU
082 ## - NÚMERO DE LA CLASIFICACIÓN DECIMAL DEWEY
Número de clasificación xxx
Número de documento/Ítem xxx
100 1# - ENTRADA PRINCIPAL--NOMBRE DE PERSONA
Nombre de persona Reinhardt, Klaus
9 (RLIN) 15260
245 10 - MENCIÓN DE TÍTULO
Título Estancia y predicación de Santiago Apóstol en España según Roa Dávila /
Mención de responsabilidad, etc. Klaus Reinhardt, Horacio Santiago-Otero.
260 ## - PUBLICACIÓN, DISTRIBUCIÓN, ETC.
Lugar de publicación, distribución, etc. Madrid :
Nombre del editor, distribuidor, etc. Centro de Estudios Históricos,
Fecha de publicación, distribución, etc. 1996.
300 ## - DESCRIPCIÓN FÍSICA
Extensión 101 p. ;
Dimensiones 24 cm.
490 1# - MENCIÓN DE SERIE
Mención de serie Medievalia et humanistica
Designación de volumen o secuencia 6
500 ## - NOTA GENERAL
Nota general Incluye datos biográficos de los autores en la solapa de la cubierta.
500 ## - NOTA GENERAL
Nota general Apéndice: Apologia pro defensione veritatis adventus in Hyspaniam et praedicationis personalis sancti Jacobi apostoli, Zebedaei maioris, in ipsa.
700 12 - PUNTO DE ACCESO ADICIONAL--NOMBRE DE PERSONA
Nombre de persona Santiago-Otero, Horacio
9 (RLIN) 15262
830 #0 - PUNTO DE ACCESO ADICIONAL DE SERIE-TÍTULO UNIFORME
Título uniforme Medievalia et humanistica
Número de parte o sección de la obra 6
9 (RLIN) 68449
Holdings
Estado de retiro Estado de pérdida Restricciones de uso No para préstamo Código de colección Localización permanente Ubicación/localización actual Ubicación en estantería Fecha de adquisición Número de inventario Total de préstamos Signatura topográfica completa Código de barras Fecha visto por última vez Precio válido a partir de Tipo de ítem Koha
      Excluido de préstamo Monografías: Libros y Folletos General General En catalogación 15.10.2013 LF1   xxx xxx 41659-10 25.06.2020 25.06.2020 No se presta

Powered by Koha